000 00915nam a22002657a 4500
005 20100611114549.0
008 100611t xxu||||| |||| 00| 0 eng d
010 _aENG-96340
020 _a9788120338340
_c495.00
035 _aEN-79873
037 _bDBAD/PUB
040 _aDPL
_bEng
082 _a620.11
100 _aBudinski, Kenneth G.
_921748
245 _aEngineering materials :
_cby Kenneth G. Budinski and Michael K. Budinski
_bproperties and selection /
250 _a9th ed.
260 _aNew Delhi
_bPHI
_c2009
270 _aM-97, Connaught Circus,
_bNew Delhi
_e110001
300 _ax, 774p. :
_c24 cm. (Pbk)
_bill.
500 _aincludes index
650 _aMaterials
_921749
700 _aBudinski, Michael K.
_921750
942 _2ddc
_cEN
_mBUD
_h620.11
999 _c36695
_d36695